Métodos fitotécnicos: procedimientos científicos para mejorar las plantas cultivadas
Na minha lista:
| Autor principal: | |
|---|---|
| Outros Autores: | |
| Formato: | Livro |
| Idioma: | espanhol |
| Publicado em: |
Buenos Aires
Acme Agency
1951
|
| Assuntos: | |
| Tags: |
Adicionar Tag
Sem tags, seja o primeiro a adicionar uma tag!
|
MARC
| LEADER | 00000nam a2200000 a 4500 | ||
|---|---|---|---|
| 001 | UCV7202 | ||
| 003 | CL-VaPUC | ||
| 005 | 20220317074308.0 | ||
| 008 | 890821e19510000AG |||||||||||||||||spa|d | ||
| 999 | |c 212920 |d 212918 | ||
| 040 | |c Pontificia Universidad Católica de Valparaíso | ||
| 082 | 0 | 4 | |a 631.53 HAY 1951 |2 21 |
| 100 | |a Hayes, Herbert Kendall |e author |9 403490 | ||
| 245 | 1 | 0 | |a Métodos fitotécnicos: procedimientos científicos para mejorar las plantas cultivadas |
| 260 | |a Buenos Aires |b Acme Agency |c 1951 | ||
| 300 | |a 521 páginas | ||
| 583 | |a last modification |c 19890821 00:00:00 |k Rodrigo Vera | ||
| 650 | 0 | |a Genética vegetal |9 264341 | |
| 650 | 7 | |a MEJORAMIENTO SELECTIVO DE LAS PLANTAS |2 CL-VaPUC |9 264342 | |
| 700 | 0 | |a Immer, Forrest Rhinehart |9 301250 | |
| 942 | |c BK |2 ddc | ||
| 945 | |d 19890821 00:00:00 | ||